Les Héros des T5 - Statistiques

Statistiques générales
  • Ce quiz a été pris 6 fois
  • Le résultat moyen est 13 sur 33
Statistiques - réponses
Matières Réponses % Correct
Allemand LV2 M. Martin
100%
Mathématiques M. Boyaval
75%
NSI M. Boyaval
75%
NSI M. Niedercorn
75%
SI - PC Comp M. Niedercorn
75%
EPS M. Nunez
75%
SI M. Divoux
50%
SI M. Foret
50%
SI M. Huppert
50%
HG Mme Airiau-Rudolf
50%
Italien LV2 Mme Altovino
50%
ES - SVT Mme Georgen
50%
DNL Maths Mme Martins
50%
Maths Abi+ Mme Martins
50%
Maths Compl. Mme Martins
50%
Anglais LV1 Mme Samba
50%
EPS Mme Vasquez
50%
Philosophie M. Racaud
50%
Espagnol LV2 M. Romo Moreno
50%
Mathématiques M. Benaim
25%
ES - PC M.Giezek
25%
EPS M. Koslowsky
25%
ANG LV SECTION Mme Beck
25%
Anglais LV1 Mme Pira
25%
LLCE Mme Pira
25%
Allemand LV2 M. Remer
25%
ALL LV SECTION M. Visintin
25%
DNL - HG Mme Arbitre Motta
0%
PC Mme Diou
0%
Maths Expertes Mme Gautier
0%
PC Mme Guirkinger
0%
Abiplus M. Quirin
0%
SVT M. Samaali
0%
Aucun quiz correspondant
Distribution des résultats
% des personnes avec chaque résultat
Percentile par nombre de réponses
Votre historique - résultats
Vous n’avez pas pris ce quiz